Troubleshooting and repairing your PC (Record no. 172294)

000 -LEADER
fixed length control field 00395nam a2200145Ia 4500
008 - FIXED-LENGTH DATA ELEMENTS--GENERAL INFORMATION
fixed length control field 220217s9999||||xx |||||||||||||| ||und||
020 ## - INTERNATIONAL STANDARD BOOK NUMBER
International Standard Book Number 81-265-0319-X
082 ## - DEWEY DECIMAL CLASSIFICATION NUMBER
Classification number 005.16 SAN
100 ## - MAIN ENTRY--PERSONAL NAME
Personal name Sendler, Corey
9 (RLIN) 3623
245 #0 - TITLE STATEMENT
Title Troubleshooting and repairing your PC
250 ## - EDITION STATEMENT
Edition statement 7th
260 ## - PUBLICATION, DISTRIBUTION, ETC.
Place of publication, distribution, etc. Wiley dreamtack
Name of publisher, distributor, etc. New Delhi
Date of publication, distribution, etc. 2002
300 ## - PHYSICAL DESCRIPTION
Other physical details 429
650 ## - SUBJECT ADDED ENTRY--TOPICAL TERM
Topical term or geographic name entry element UPGRADING AND REPAIRING
Holdings
Withdrawn status Lost status Damaged status Not for loan Collection code Home library Current library Shelving location Date acquired Full call number Barcode Date last seen Price effective from Koha item type
        Computer Science and Engineering Central Library Central Library Book Cart 02/18/2022 005.16 SAN 7483 02/18/2022 02/18/2022 Books

Powered by Koha